000 00340nam a2200145Ia 4500
008 230711s9999||||xx |||||||||||||| ||und||
041 _aENG
082 _a621
_bMI-E
100 _aMittal,R
245 0 _aElectronic devices
250 _a1st
260 _c1993
_aNew Delhi
_bGK Publications
650 _aElectronics Engineering
942 _cBK
999 _c2218
_d2218